Sports Quiz

Random Sports or College Quiz

Which NCAA Mascot? Quiz Stats

 Plays Quiz Updated Jul 1, 2019

Score 0/20 Timer 07:00
1 Play Today
Question Answer Wrong Answers
Clemson Tigers
93.3%
Bulldogs
1.3%
Wildcats
1.1%
Other
1.5%
LSU Tigers
93%
Bulldogs
1.1%
Wildcats
1.3%
Other
1.7%
Auburn Tigers
91.5%
Bulldogs
1.2%
Wildcats
1.5%
Other
2.9%
Georgia Bulldogs
86.8%
Tigers
7.7%
Wildcats
1%
Other
1.6%
Kentucky Wildcats
85.3%
Tigers
7.8%
Bulldogs
1.4%
Other
2.6%
Missouri Tigers
84.4%
Bulldogs
2.2%
Wildcats
4.8%
Other
5.7%
Arizona Wildcats
82.4%
Tigers
7.8%
Bulldogs
1%
Other
6%
Butler Bulldogs
81.6%
Tigers
8%
Wildcats
2.2%
Other
5.3%
Boise State Other
80.7%
Tigers
8.3%
Bulldogs
4.5%
Wildcats
3.6%
Princeton Tigers
79.9%
Bulldogs
6.2%
Wildcats
3.2%
Other
8%
Georgia Tech Other
79.1%
Tigers
7.7%
Bulldogs
9%
Wildcats
1.4%
Northwestern Wildcats
77.5%
Tigers
9%
Bulldogs
2.2%
Other
8.4%
Yale Bulldogs
76.2%
Tigers
8.9%
Wildcats
2.1%
Other
10%
UTEP Other
76%
Tigers
8.6%
Bulldogs
5.7%
Wildcats
6.7%
Gonzaga Bulldogs
73.8%
Tigers
7.4%
Wildcats
5.6%
Other
10.4%
Mississippi State Bulldogs
71.8%
Tigers
9.6%
Wildcats
3.6%
Other
12.1%
Boston University Other
67.3%
Tigers
8.7%
Bulldogs
17.9%
Wildcats
3.3%
Creighton Other
65.6%
Tigers
11.6%
Bulldogs
13.8%
Wildcats
6.1%
Davidson Wildcats
49.6%
Tigers
10.2%
Bulldogs
15.8%
Other
21.6%
New Hampshire Wildcats
23.8%
Tigers
7.5%
Bulldogs
9.2%
Other
56.6%

You're not logged in!

Compare scores with friends on all Sporcle quizzes.
OR
Log In

Sporcle TV

Today on Sporcle TV


Watch our educational content, quiz creation guides, and fun videos on Sporcle TV.

Show Comments

Extras

Top Quizzes Today


Score Distribution

Your Account Isn't Verified!

In order to create a playlist on Sporcle, you need to verify the email address you used during registration. Go to your Sporcle Settings to finish the process.

Report this User

Report this user for behavior that violates our Community Guidelines.

Details: